| 000 | 00884nam a2200205Ia 4500 | ||
|---|---|---|---|
| 999 |
_c39621 _d39621 |
||
| 001 | 6221 | ||
| 003 | GE_BSU | ||
| 005 | 20190628182508.0 | ||
| 008 | 181216s1975|||| |||||||||||||| ||geo|| | ||
| 041 | _ageo | ||
| 080 | _a621.81(075.8) ე-39 | ||
| 100 |
_aეზიკაშვილი, ო. _9482 |
||
| 245 |
_aმანქანათა ნაწილები : მეორე ნაწილი : სახელმძღვ. / _cო. ეზიკაშვილი ; რედ : ჩ. გურგენიძე. |
||
| 264 |
_aთბილისი : _bგანათლება, _c1977. |
||
| 300 |
_a438 გვ .: _bილ ; _c22 სმ . |
||
| 504 | _aბიბლიოგრ.:გვ.432 | ||
| 653 | _aმანქანათა ნაწილები | ||
| 700 |
_aგურგენიძე, ჩ _eრედაქტორი _93086 |
||
| 942 |
_cBK _2udc |
||